| 000 | 00509cam a2200181ua 4500 | ||
|---|---|---|---|
| 020 |
_a81 85198 39 x _c145.00 |
||
| 041 |
_aeng _h |
||
| 082 |
_a005.369 _bKRI/CO |
||
| 100 | _aKrishnamoorthy, CS . | ||
| 245 |
_aComputer aided design: software and analytical tools / _cC S Krishnamoorthy. _hTextual Documents |
||
| 260 |
_aChennai : _bNarosa Publishing House , _c1997. |
||
| 300 | _a437 ; . | ||
| 365 | _a145.00 | ||
| 504 | _a | ||
| 700 | 1 | _aRajeev, S . | |
| 942 | _cBK | ||
| 999 |
_c9525 _d9525 |
||